| Tag |
First Indicator |
Second Indicator |
Subfields |
| LEADER |
00000cam a2200000 a 4500 |
| 001 |
in00000743913 |
| 005 |
20220103134306.0 |
| 007 |
cr unu a |
| 008 |
890302s1987 xx ab b 00010 eng d |
| 035 |
|
|
|9 ADJ6521AM
|
| 035 |
|
|
|a (OCoLC)19289853
|
| 040 |
|
|
|a TXA
|c TXA
|d UtOrBLW
|
| 049 |
|
|
|a TXAZ [Also in] [Archives]
|c 1 [A10988841], 2 [A10988891]
|
| 099 |
|
|
|a 1987
|a Thesis
|a R614
|
| 100 |
1 |
|
|a Ritter, Christine,
|d 1963-
|
| 245 |
1 |
0 |
|a Shapes and surface textures of quartz sand grains from glacial deposits :
|b effects of source and transport /
|c by Christine Ritter.
|
| 264 |
|
1 |
|a [Place of publication not identified] :
|b [publisher not identified] ;
|c 1987.
|
| 300 |
|
|
|a x, 62 leaves :
|b illustrations, maps ;
|c 29 cm.
|
| 336 |
|
|
|a text
|b txt
|2 rdacontent
|
| 337 |
|
|
|a computer
|b c
|2 rdamedia
|
| 338 |
|
|
|a online resource
|b cr
|2 rdacarrier
|
| 500 |
|
|
|a "Major subject: Geology."
|
| 500 |
|
|
|a Typescript (photocopy).
|
| 500 |
|
|
|a Vita.
|
| 502 |
|
|
|b M.S.
|c Texas A&M University
|d 1987.
|
| 504 |
|
|
|a Bibliography: leaves 59-61.
|
| 530 |
|
|
|a Also available online.
|
| 650 |
|
0 |
|a Sand
|x Analysis.
|
| 650 |
|
0 |
|a Sediments (Geology)
|x Analysis.
|
| 650 |
|
4 |
|a Major geology.
|
| 856 |
4 |
1 |
|u https://hdl.handle.net/1969.1/ETD-TAMU-1987-THESIS-R614
|z Link to OAKTrust copy
|t 0
|
| 999 |
|
|
|a MARS
|
| 999 |
f |
f |
|s dd0a7303-9e56-34f3-a49c-6855ae5bc22d
|i 0a20d44a-cc62-3e25-be17-f731ea6665c0
|t 0
|
| 952 |
f |
f |
|p noncirc
|a Texas A&M University
|b J.J. Pickle Campus
|c High Density Repository
|s HDR
|d Remote Storage
|t 0
|e 1987 Thesis R614
|h Other scheme
|i computer -- online resource
|m A14839621880
|
| 952 |
f |
f |
|a Texas A&M University
|b College Station
|c Electronic Resources
|s www_evans
|d Available Online
|t 0
|e 1987 Thesis R614
|h Other scheme
|
| 998 |
f |
f |
|a 1987 Thesis R614
|t 0
|l Remote Storage
|
| 998 |
f |
f |
|a 1987 Thesis R614
|t 0
|l Available Online
|